| 000 | 01115nam a22001937a 4500 | ||
|---|---|---|---|
| 005 | 20230619103825.0 | ||
| 008 | 230619b ||||| |||| 00| 0 eng d | ||
| 020 | _a9780198759126 | ||
| 050 | _aKD1629.6.M37(3e) | ||
| 100 | _9Marson, James. | ||
| 245 |
_aConcentrate: Business Law / _cJames Marson & Katy Ferris. |
||
| 250 | _a3rd ed. | ||
| 260 |
_aNew York: _bOxford University Press, _c2016. |
||
| 300 |
_axvii, 182p.: _c23 cm. |
||
| 500 | _aIncludes index. | ||
| 505 | _aContents: The English legal system -- Contract I: essential features of a contract -- Contract II: mistake, misrepresentation duress, and undue influence -- Contract III: contractual terms and statutory protection -- Contract IV: discharge of contract and remedies for breach -- Law of torts -- Employment I: employment status, equal pay, and equality -- Employment II: termination - wrongful dismissal, unfair dismissal and redundancy -- Company law I: trading structures and forming the business -- Company law II: directors, agency, finance, and capital -- Intellectual property. | ||
| 700 |
_aFerris, Katy. _91693 |
||
| 942 |
_2lcc _cBK |
||
| 999 |
_c9728 _d17228 |
||